| 000 | 00685nam a22002177a 4500 | ||
|---|---|---|---|
| 003 | UA-OsUOA | ||
| 001 | 134126 | ||
| 007 | ta | ||
| 008 | 20181120b un ||||| |||| 00| 0 ukr d | ||
| 100 | _aЛосєв І. | ||
| 090 |
_a32 _bЛ79 |
||
| 942 | _cSA | ||
| 040 |
_aUA-OsUOA _bukr _cUA-OsUOA _dUA-OsUOA |
||
| 245 | _aБез креативу та інновацій. Російські методики захоплення Криму: чого Путін навчився в Єкатєріни ІІ | ||
| 300 | _aС.58-60 | ||
| 955 | _a0 | ||
| 041 | _aukr | ||
| 080 | _a32 | ||
| 773 | 0 |
_w134125 _tУкраїнський тиждень _dК. _d2018 _g45 |
|
| 650 | 7 |
_a32 Політика _2UDC |
|
| 999 |
_c423013 _d423013 |
||